<?xml version="1.0" encoding="UTF-8"?>
<record
    xmlns:xsi="http://www.w3.org/2001/XMLSchema-instance"
    xsi:schemaLocation="http://www.loc.gov/MARC21/slim http://www.loc.gov/standards/marcxml/schema/MARC21slim.xsd"
    xmlns="http://www.loc.gov/MARC21/slim">

  <leader>00497nam a2200145Ia 4500</leader>
  <controlfield tag="008">100204s9999    xx            000 0 und d</controlfield>
  <datafield tag="082" ind1=" " ind2=" ">
    <subfield code="b">12641</subfield>
  </datafield>
  <datafield tag="100" ind1=" " ind2=" ">
    <subfield code="a">&#x917;&#x94B;&#x935;&#x93F;&#x932;&#x915;&#x930;        &#x917;&#x923;&#x947;&#x936;</subfield>
  </datafield>
  <datafield tag="245" ind1=" " ind2=" ">
    <subfield code="a">&#x938;&#x930;&#x926;&#x93E;&#x930; &#x92D;&#x917;&#x924;&#x938;&#x93F;&#x902;&#x917;</subfield>
  </datafield>
  <datafield tag="260" ind1=" " ind2=" ">
    <subfield code="b">"&#x926;&#x93F;&#x92A;&#x93E;&#x932;&#x940;   &#x92A;&#x94D;&#x930;&#x915;&#x93E;&#x936;&#x928;  , &#x915;&#x932;&#x94D;&#x92F;&#x93E;&#x923; , &#x920;&#x93E;&#x923;&#x947;"</subfield>
    <subfield code="c">1990</subfield>
  </datafield>
  <datafield tag="300" ind1=" " ind2=" ">
    <subfield code="a">128</subfield>
  </datafield>
  <datafield tag="630" ind1=" " ind2=" ">
    <subfield code="a">&#x938;&#x930;&#x926;&#x93E;&#x930; &#x92D;&#x917;&#x924;&#x938;&#x93F;&#x902;&#x917;</subfield>
  </datafield>
  <datafield tag="730" ind1=" " ind2=" ">
    <subfield code="a">&#x938;&#x930;&#x926;&#x93E;&#x930; &#x92D;&#x917;&#x924;&#x938;&#x93F;&#x902;&#x917;</subfield>
  </datafield>
  <datafield tag="942" ind1=" " ind2=" ">
    <subfield code="c">BOOK</subfield>
  </datafield>
  <datafield tag="999" ind1=" " ind2=" ">
    <subfield code="c">457073</subfield>
    <subfield code="d">457070</subfield>
  </datafield>
  <datafield tag="952" ind1=" " ind2=" ">
    <subfield code="0">0</subfield>
    <subfield code="1">0</subfield>
    <subfield code="4">0</subfield>
    <subfield code="7">0</subfield>
    <subfield code="a">NCKMULUND</subfield>
    <subfield code="b">NCKMULUND</subfield>
    <subfield code="d">2010-02-04</subfield>
    <subfield code="g">25.00</subfield>
    <subfield code="l">0</subfield>
    <subfield code="o">12641</subfield>
    <subfield code="p">NCKMULUND-12641</subfield>
    <subfield code="r">2010-02-04 00:00:00</subfield>
    <subfield code="v">25.00</subfield>
    <subfield code="w">2010-02-04</subfield>
    <subfield code="y">BOOK</subfield>
  </datafield>
</record>
